000 00902cam a2200205 a 4500
005 20171114100656.0
008 950223s1993 io ab f000 0 eng
040 _aDLC
_cDLC
_dDLC
_dCO-BoIAVH
041 0 _aeng
044 _aind
082 0 0 _a333.951609598
_bB61a
245 0 0 _aBiodiversity action plan for Indonesia
260 _aJakarta (Indonesia) :
_bMinistry of National Development Planning :
_bNational Development Planning Agency,
_c1993.
300 _aiv, 141 páginas :
_bilustraciones a color, mapas (algunos a color) ;
_c28 x 21 cm.
650 2 6 _aConservación de la diversidad biológica
_xPlaneación
_zIndonesia
650 2 6 _aConservación de la diversidad biológica
_xPolítica ambiental
_zIndonesia
710 1 _aIndonesia
_bMenteri Negara Perencanaan Pembangunan Nasional
710 1 _aIndonesia
_bBadan Perencanaan Pembangunan Nasional
942 _2ddc
_cLIBRO
999 _c1158
_d1158